| 000 | 01311cam a22003011 4500 | ||
|---|---|---|---|
| 001 | gs 29000129 | ||
| 003 | DLC | ||
| 005 | 20260227111333.0 | ||
| 008 | 800918s1929 dcuabf b f000 0 eng | ||
| 010 | _ags 29000129 | ||
| 035 | _a(OCoLC)6724668 | ||
| 040 |
_aDLC _cOkAdE _dOCoLC _dDLC |
||
| 042 | _apremarc | ||
| 050 | 0 | 0 |
_aTC801 _b.U2 no. 599 |
| 100 | 1 |
_aHall, George Martin, _d1891-1941. |
|
| 245 | 1 | 0 |
_aGround water in Yellowstone and Teasure counties, Montana / _cby George M. Hall and C. S. Howard. |
| 260 |
_aWashington : _bGovt. print. off., _c1929. |
||
| 300 |
_avi, 118 p., 7 leaves of plates : _bill., fold. map (in pocket),tables, diagrs. ; _c23 cm. |
||
| 440 | 0 |
_aU. S. Geological Survey water-supply paper ; _v599 |
|
| 500 | _aAt head of title: Department of the Interior. | ||
| 500 | _aPrepared in cooperation with the State engineer; the Department of chemistry of the Montana State college, Bozeman; and the Water laboratory of the Montana State board of health. | ||
| 504 | _aBibliographical footnotes. | ||
| 650 | 0 |
_aGroundwater _zMontana _zYellowstone County. |
|
| 650 | 0 |
_aGroundwater _zMontana _zTreasure County. |
|
| 650 | 0 |
_aWater-supply _zMontana _zYellowstone County. |
|
| 650 | 0 |
_aWater-supply _zMontana _zTreasure County. |
|
| 700 | 1 |
_aHoward, C. S. _q(Charles Spaulding), _d1896- |
|
| 999 |
_c26717 _d26717 |
||